000 00628nam a2200205 a 4500
005 20221020063417.0
008 030313s2001 mx r 000 0 spa d
020 _a9688561193
035 _aUPN01000122878
049 _aCG
050 4 _aHF5814
_bG8.6
100 1 _aGuinsberg, Enrique
_942917
245 1 0 _aPublicidad :
_bmanipulación para la reproducción /
_cEnrique Guinsberg.
260 _aMéxico :
_bPlaza y Valdés :
_bUAM-Xochimilco,
_c2001.
300 _a324 p.
650 2 _aPublicidad
_95809
650 4 _aMERCADOTECNIA -
_xINVESTIGACION
_927326
650 4 _aPROPAGANDA MERCANTIL -
_xINVESTIGACION
905 _aLibro
999 _c95061
_d95061